Wszystkie polskie kluby piłkarskie (Ekstraklasa-3 Liga) - Statystyki

Ogólne statystyki
  • Ten quiz został rozwiązany 136 razy
  • Średni wynik to 55 z 126
Statystyki odpowiedzi
LIGA ODPOWIEDŹ % Poprawnych
Ekstraklasa Legia Warszawa
96%
Ekstraklasa Lech Poznań
95%
Ekstraklasa Jagiellonia BIałystok
91%
Ekstraklasa Śląsk Wrocław
90%
Ekstraklasa Widzew Łódź
89%
Ekstraklasa Górnik Zabrze
88%
Ekstraklasa Lechia Gdańsk
88%
Ekstraklasa Raków Częstochowa
88%
Betclic 1 Liga Arka Gdynia
87%
Betclic 1 Liga Wisła Kraków
87%
Ekstraklasa GKS Katowice
87%
Ekstraklasa Motor Lublin
87%
Ekstraklasa Stal Mielec
87%
Ekstraklasa Pogoń Szczecin
85%
Ekstraklasa Cracovia Kraków
84%
Ekstraklasa Korona Kielce
84%
Betclic 1 Liga ŁKS Łódź
84%
Ekstraklasa Zagłębie Lubin
84%
Betclic 1 Liga Wisła Płock
83%
Betclic 1 Liga Warta Poznań
82%
Ekstraklasa Radomiak Radom
80%
Betclic 1 Liga Ruch Chorzów
80%
Betclic 1 Liga Polonia Warszawa
79%
Ekstraklasa Piast Gliwice
78%
Betclic 2 Liga Polonia Bytom
78%
Betclic 1 Liga Stal Rzeszów
77%
Ekstraklasa Puszcza Niepołomice
76%
Betclic 1 Liga Kotwica Kołobrzeg
74%
Betclic 1 Liga Pogoń Siedlce
73%
Betclic 2 Liga Wieczysta Kraków
72%
Betclic 1 Liga Miedź Legnica
71%
Betclic 1 Liga Znicz Pruszków
71%
Betclic 1 Liga GKS Tychy
70%
Betclic 1 Liga Stal Stalowa Wola
70%
Betclic 2 Liga Zagłębie Sosnowiec
70%
Betclic 3 Liga gr.1 Stomil Olsztyn
68%
Betclic 1 Liga Bruk Bet Termalica
67%
Betclic 1 Liga Odra Opole
67%
Betclic 3 Liga gr.2 Zawisza Bydgoszcz
67%
Betclic 3 Liga gr.2 Elana Toruń
65%
Betclic 2 Liga Hutnik Kraków
65%
Betclic 1 Liga Górnik Łęczna
63%
Betclic 2 Liga Podbeskidzie Bielsko Biała
63%
Betclic 2 Liga Pogoń Grodzisk Mazowiecki
62%
Betclic 2 Liga Resovia Rzeszów
62%
Betclic 3 Liga gr.4 Sandecja Nowy Sącz
62%
Betclic 1 Liga Chrobry Głogów
61%
Betclic 2 Liga KKS Kalisz
60%
Betclic 2 Liga Olimpia Elbląg
59%
Betclic 2 Liga Chojniczanka Chojnice
50%
Betclic 3 Liga gr.2 Lech II Poznań
49%
Betclic 3 Liga gr.1 Legia II Warszawa
49%
Betclic 3 Liga gr.1 Wigry Suwałki
49%
Betclic 3 Liga gr.1 GKS Bełchatów
48%
Betclic 2 Liga GKS Jastrzębie
48%
Betclic 3 Liga gr.4 KSZO Ostrowiec
48%
Betclic 2 Liga Wisła Puławy
48%
Betclic 2 Liga Skra Częstochowa
45%
Betclic 2 Liga Świt Szczecin
45%
Betclic 2 Liga Zagłębie II Lubin
45%
Betclic 3 Liga gr.3 Lechia Zielona Góra
43%
Betclic 3 Liga gr.3 Śląsk II Wrocław
43%
Betclic 2 Liga Rekord Bielsko Biała
41%
Betclic 3 Liga gr.4 Siarka Tarnobrzeg
41%
Betclic 2 Liga ŁKS II Łódź
40%
Betclic 2 Liga Olimpia Grudziądz
40%
Betclic 3 Liga gr.1 Jagiellonia II Białystok
34%
Betclic 3 Liga gr.1 ŁKS Łomża
33%
Betclic 3 Liga gr.4 Avia Świdnik
32%
Betclic 3 Liga gr.3 Górnik Polkowice
30%
Betclic 3 Liga gr.1 Unia Skierniewice
30%
Betclic 3 Liga gr.2 Flota Świnoujście
29%
Betclic 3 Liga gr.4 Korona II Kielce
29%
Betclic 3 Liga gr.4 Unia Tarnów
29%
Betclic 3 Liga gr.4 Wisła II Kraków
28%
Betclic 3 Liga gr.3 Górnik II Zabrze
27%
Betclic 3 Liga gr.2 Błękitni Stargard
26%
Betclic 3 Liga gr.2 Pogoń II Szczecin
26%
Betclic 3 Liga gr.4 Chełmianka Chełm
24%
Betclic 3 Liga gr.1 Pelikan Łowicz
24%
Betclic 3 Liga gr.4 Star Starachowice
24%
Betclic 3 Liga gr.2 Gryf Słupsk
23%
Betclic 3 Liga gr.3 LKS Goczałkowice Zdrój
23%
Betclic 3 Liga gr.3 MKS Kluczbork
23%
Betclic 3 Liga gr.3 Ślęza Wrocław
23%
Betclic 3 Liga gr.1 Broń Radom
22%
Betclic 3 Liga gr.2 Polonia Środa Wielkopolska
22%
Betclic 3 Liga gr.1 Świt Nowy Dwór
21%
Betclic 3 Liga gr.1 Lechia Tomaszów Mazowiecki
20%
Betclic 3 Liga gr.4 Podhale Nowy Targ
20%
Betclic 3 Liga gr.1 Warta Sieradz
20%
Betclic 3 Liga gr.2 Gedania Gdańsk
17%
Betclic 3 Liga gr.4 Podlasie Biała Podlaska
17%
Betclic 3 Liga gr.2 Unia Swarzędz
17%
Betclic 3 Liga gr.3 Miedź II Legnica
16%
Betclic 3 Liga gr.4 Wisłoka Dębica
16%
Betclic 3 Liga gr.3 Carina Gubin
15%
Betclic 3 Liga gr.2 Vineta Wolin
15%
Betclic 3 Liga gr.3 Warta Gorzów
15%
Betclic 3 Liga gr.1 GKS Wikielec
13%
Betclic 3 Liga gr.2 Kotwica Kórnik
13%
Betclic 3 Liga gr.3 Stal Brzeg
13%
Betclic 3 Liga gr.3 Karkonosze Jelenia Góra
12%
Betclic 3 Liga gr.4 Lewart Lubartów
12%
Betclic 3 Liga gr.2 Noteć Czarnków
12%
Betclic 3 Liga gr.2 Pogoń Nowe Skalmierzyce
11%
Betclic 3 Liga gr.2 Sokół Kleczew
11%
Betclic 3 Liga gr.1 Victoria Sulejówek
11%
Betclic 3 Liga gr.4 Czarni Połaniec
10%
Betclic 3 Liga gr.1 Mławianka Mława
10%
Betclic 3 Liga gr.3 Odra Bytom Odrzański
10%
Betclic 3 Liga gr.3 Polonia Słubice
10%
Betclic 3 Liga gr.2 Wda Świecie
10%
Betclic 3 Liga gr.4 Wiślanie Skawina
10%
Betclic 3 Liga gr.2 Wybrzeże Rewalskie
10%
Betclic 3 Liga gr.4 KS Wiązownica
9%
Betclic 3 Liga gr.1 Polonia Lidzbark
9%
Betclic 3 Liga gr.4 Świdniczanka Świdnik
9%
Betclic 3 Liga gr.2 Cartusia Kartuzy
7%
Betclic 3 Liga gr.3 Unia Turza Śląska
6%
Betclic 3 Liga gr.3 Podlesianka Katowice
5%
Betclic 3 Liga gr.4 Pogoń Sokół Lubaczów
5%
Betclic 3 Liga gr.1 Sokół Aleksandrów Łódzki
5%
Betclic 3 Liga gr.3 Pniówek 74 Pawłowice
4%
Betclic 3 Liga gr.1 Wisła Płock II
4%
Betclic 3 Liga gr.3 Stilom Gorzów
0%
Nie znaleziono quizów pasujących do podanych kryteriów
Rozkład punktacji
Procent ludzi z każdym wynikiem
Percentyl według liczby udzielonych odpowiedzi
Twoja historia wyników
Nie rozwiązałeś tego quizu